书目信息 |
| 题名: |
教学论
|
|
| 作者: | 田慧生李如密 | |
| 分册: | ||
| 出版信息: | 石家庄 河北教育出版社 1999 |
|
| 页数: | 413 | |
| 开本: | 19cm | |
| 丛书名: | 中国当代教育理论丛书 | |
| 单 册: | ||
| 中图分类: | C4 | |
| 科图分类: | ||
| 主题词: | 社会科学--教育 , 社会科学--普及教育 | |
| 电子资源: | ||
| ISBN: | 7-5434-2811-3 | |
| 000 | 00628nam0 2200217 450 | |
| 001 | 0735257515 | |
| 005 | 20070904094737.51 | |
| 010 | @a7-5434-2811-3 | |
| 100 | @a20070904d km y0chiy0120 ea | |
| 101 | 0 | @achi |
| 200 | 1 | @a教学论@Ajiao xue lun@f田慧生李如密@Ftian hui sheng li ru mi |
| 210 | @a石家庄@c河北教育出版社@d1999 | |
| 215 | @a413@c15.50@d19cm | |
| 225 | 2 | @a中国当代教育理论丛书 |
| 410 | 0 | @12001 @a中国当代教育理论丛书 |
| 606 | 0 | @a社会科学@x教育 |
| 606 | 0 | @a社会科学@x普及教育 |
| 690 | @aC4@v3 | |
| 701 | 0 | @a田慧生李如密@Atian hui sheng li ru mi |
| 801 | 0 | @aCN@bPFT@c20070904 |
| 905 | @a213230@dC4@ea12@f1 | |
| 教学论/田慧生李如密.-石家庄:河北教育出版社,1999 |
| 413:15.50;19cm.-(中国当代教育理论丛书) |
| ISBN 7-5434-2811-3: |
| ● |
| 相关链接 |
|
|
|
|
正题名:教学论
索取号:C4/a12
 
预约/预借
| 序号 | 登录号 | 条形码 | 馆藏地/架位号 | 状态 | 备注 |
| 1 | 7500907 | 275009072 | 密集书库-史法系/ [索取号:C4/a12] | 在馆 |